Boletín de Información para España y América del Sur. (Record no. 173655)
[ view plain ]
| 000 -LEADER | |
|---|---|
| campo de control de longitud fija | 00575nas a2200181 i 4500 |
| 001 - NÚMERO DE CONTROL | |
| campo de control | 173655 |
| 003 - IDENTIFICADOR DE NÚMERO DE CONTROL | |
| campo de control | ES-MaACL |
| 005 - FECHA Y HORA DE LA ÚLTIMA TRANSACCIÓN | |
| campo de control | 20250217134856.0 |
| 008 - DATOS DE LONGITUD FIJA--INFORMACIÓN GENERAL | |
| campo de control de longitud fija | 091223d19141917sp | | ||pa d |
| 245 00 - MENCIÓN DEL TÍTULO | |
| Título | Boletín de Información para España y América del Sur. |
| 260 ## - PUBLICACIÓN, DISTRIBUCIÓN, ETC. | |
| Lugar de publicación, distribución, etc. | Madrid : |
| Nombre del editor, distribuidor, etc. | [s.n.], |
| Fecha de publicación, distribución, etc. | 1914-1917 ( |
| Fabricante | P. Orrier) |
| 300 ## - DESCRIPCIÓN FÍSICA | |
| Extensión | 7, 43, 31 p. : |
| Otras características físicas | il. ; |
| Dimensiones | 21 cm. |
| 362 0# - FECHAS DE PUBLICACIÓN Y/O DESIGNACIÓN SECUENCIAL | |
| Fecha de publicación y/o designación secuencial | Año I, nº 1 (dic. 1914)- nº52 (nov. 1917) |
| 650 04 - PUNTO DE ACCESO ADICIONAL DE MATERIA--TÉRMINO DE MATERIA | |
| Término de materia o nombre geográfico como elemento de entrada | Guerra mundial, 1914-1918. |
| 9 (RLIN) | 13212 |
| 852 ## - LOCALIZACIÓN | |
| Ubicación | ES-MaACL |
| Número de control de estantería | T-1464-F-4 |
| 866 #0 - MENCIÓN TEXTUAL DE FONDOS--UNIDAD BIBLIOGRÁFICA BÁSICA | |
| Fondos | (nº 7-9 de 1915) |
| Estatus retirado | Estado de pérdida | Estado de daño | No para préstamo | Colección | Biblioteca de origen | Biblioteca actual | Ubicación en estantería | Fecha de adquisición | Fuente de adquisición | Total de préstamos | Signatura topográfica completa | Código de barras | Visto por última vez | Precio de reemplazo | Tipo de ítem Koha |
|---|---|---|---|---|---|---|---|---|---|---|---|---|---|---|---|
| Colección de folletos | Biblioteca del Ateneo de Madrid | Biblioteca del Ateneo de Madrid | Depósito folletos | 23/12/2009 | T-1464-F-4 | 1182233 | 23/02/2023 | 23/02/2023 | Folleto |
